000
00282pab a2200109 454500
008
180718b xxu||||| |||| 00| 0 eng d
100
_a
Pandey, Vikash N
245
_a
National forest policy 1988: a critique
650
_a
Forests - Policy - India
773
_a
Mainstream
909
_a
22188
999
_c
22188
_d
22188